95 Departementen van Frankrijk en de hoofdsteden - Statistieken

Algemene statistieken
  • Deze quiz is 41 keer genomen
  • De gemiddelde score is 63 van 194
Antwoordstatistieken
Hint Antwoord % Correct
69D | 69M Lyon
92%
13 Marseille
79%
75 Parijs
79%
59 Lille
75%
31 Toulouse
75%
34 Montpellier
71%
44 Nantes
67%
6 Nice
67%
33 Bordeaux
63%
21 Dijon
63%
35 Rennes
63%
37 Tours
58%
8 Ardennes
54%
18 Cher
54%
42 Loire
54%
51 Marne
54%
59 Nord
54%
69D Rhône
54%
76 Rouen
54%
80 Amiens
50%
7 Ardèche
50%
24 Dordogne
50%
57 Metz
50%
62 Pas-de-Calais
50%
83 Toulon
50%
1 Ain
46%
2 Aisne
46%
67 Bas-Rhin
46%
14 Caen
46%
68 Haut-Rhin
46%
87 Limoges
46%
54 Nancy
46%
66 Perpignan
46%
42 Saint-Étienne
46%
83 Var
46%
88 Vosges
46%
6 Alpes-Maritimes
42%
62 Arras
42%
11 Aude
42%
25 Besançon
42%
33 Gironde
42%
36 Indre
42%
38 Isère
42%
39 Jura
42%
72 Le Mans
42%
57 Moselle
42%
60 Oise
42%
29 Quimper
42%
80 Somme
42%
67 Straatsburg
42%
81 Tarn
42%
3 Allier
38%
49 Angers
38%
74 Annecy
38%
18 Bourges
38%
14 Calvados
38%
16 Charente
38%
68 Colmar
38%
27 Eure
38%
38 Grenoble
38%
5 Hautes-Alpes
38%
74 Haute-Savoie
38%
34 Hérault
38%
2 Laon
38%
17 La Rochelle
38%
46 Lot
38%
50 Manche
38%
45 Orléans
38%
61 Orne
38%
64 Pau
38%
73 Savoie
38%
85 Vendée
38%
78 Versailles
38%
86 Vienne
38%
4 Alpes-de-Haute-Provence
33%
10 Aube
33%
84 Avignon
33%
41 Blois
33%
11 Carcassonne
33%
21 Côte-d'Or
33%
23 Creuse
33%
26 Drôme
33%
28 Eure-et-Loir
33%
29 Finistère
33%
87 Haute-Vienne
33%
40 Landes
33%
45 Loiret
33%
47 Lot-et-Garonne
33%
55 Meuse
33%
10 Troyes
33%
26 Valence
33%
89 Auxerre
29%
13 Bouches-du-Rhône
29%
28 Chartres
29%
63 Clermont-Ferrand
29%
30 Gard
29%
32 Gers
29%
43 Haute-Loire
29%
37 Indre-et-Loire
29%
48 Lozère
29%
49 Maine-et-Loire
29%
53 Mayenne
29%
82 Montauban
29%
56 Morbihan
29%
58 Nièvre
29%
30 Nimes
29%
86 Poitiers
29%
64 Pyrénées-Atlantiques
29%
66 Pyrénées-Orientales
29%
77 Seine-et-Marne
29%
76 Seine-Maritime
29%
82 Tarn-et-Garonne
29%
95 Val-d'Oise
29%
84 Vaucluse
29%
78 Yvelines
29%
2A Ajaccio
25%
12 Aveyron
25%
90 Belfort
25%
15 Cantal
25%
17 Charente-Maritime
25%
8 Charleville-Mézières
25%
19 Corrèze
25%
2A Corse-du-Sud
25%
79 Deux-Sèvres
25%
27 Évreux
25%
2B Haute-Corse
25%
31 Haute-Garonne
25%
52 Haute-Marne
25%
70 Haute-Saône
25%
65 Hautes-Pyrénées
25%
92 Hauts-de-Seine
25%
35 Ille-et-Vilaine
25%
41 Loir-et-Cher
25%
79 Niort
25%
63 Puy-de-Dôme
25%
12 Rodez
25%
93 Seine-Saint-Denis
25%
94 Val-de-Marne
25%
56 Vannes
25%
89 Yonne
25%
81 Albi
21%
9 Ariège
21%
25 Doubs
21%
91 Essonne
21%
5 Gap
21%
54 Meurthe-et-Moselle
21%
40 Mont-de-Marsan
21%
58 Nevers
21%
50 Saint-Lô
21%
71 Saône-et-Loire
21%
90 Territoire de Belfort
21%
47 Agen
17%
61 Alençon
17%
16 Angoulême
17%
2B Bastia
17%
1 Bourg-en-Bresse
17%
73 Chambéry
17%
36 Chateauroux
17%
22 Côtes-d'Armor
17%
88 Epinal
17%
53 Laval
17%
44 Loire-Atlantique
17%
39 Lons-le-Saunier
17%
71 Macon
17%
48 Mende
17%
92 Nanterre
17%
24 Perigueux
17%
7 Privas
17%
72 Sarthe
17%
65 Tarbes
17%
32 Auch
13%
55 Bar-le-Duc
13%
60 Beauvais
13%
94 Créteil
13%
9 Foix
13%
85 La Roche-sur-Yon
13%
77 Melun
13%
69M Métropole de Lyon
13%
3 Moulins
13%
22 St-Brieuc
13%
70 Vesoul
13%
46 Cahors
8%
52 Chaumont
8%
4 Digne-les-Bains
8%
93 Bobigny
4%
95 Cergy
4%
51 Châlons-en-Champagne
4%
91 Évry-Courcouronnes
4%
23 Guéret
4%
43 Le Puy-en-Velay
4%
15 Aurillac
0%
19 Tulle
0%
Geen overeenkomende quizzen gevonden
Scoreverdeling
Procent van Mensen met Elke Score
Percentiel versus Aantal Correcte Antwoorden
Uw Scoregeschiedenis
U heeft deze quiz nog niet genomen